| 000 | 00949cam a2200217 4500 | ||
|---|---|---|---|
| 001 | ABS60857 | ||
| 008 | 000000n1999 000 0 eng u | ||
| 035 | _a(Sirsi) u101368 | ||
| 100 | _aYule, A. | ||
| 245 | _aBeware the rating cowboy | ||
| 260 | _c1999 | ||
| 490 |
_aSolicitors' Journal _v143(23) 11 June 1999, 569(1) |
||
| 520 | _aThe introduction of the new Rating List on 1 April 2000 could lead to an increase of rateable value for many properties, against which occupiers may wish to appeal. The author warns against so-called 'cowboy' rating consultants who promise substantial refunds which they then fail to deliver. Outlines the appeals procedure, how to spot 'cowboys' and the importance of obtaining reliable professional advice. | ||
| 650 | _aRATING LIST | ||
| 650 | _aRATING APPEALS | ||
| 650 | _aPROFESSIONAL ADVICE | ||
| 650 | _aBAD PRACTICE | ||
| 650 | _aRATING COWBOYS | ||
| 690 | _aRATING AND VALUATION | ||
| 942 | _n0 | ||
| 999 |
_c60512 _d60512 |
||